000 00529nam a2200157Ia 4500
003 GCL
008 140319s9999 xx 000 0 ara d
040 _aGCL /
_cGCL
082 0 4 _a741.5
_bع ر
100 1 _aعبدالرضا احمد كمال
245 1 0 _aريشتى فى الصميم: كاريكاتير /
_cعبدالرضا احمد كمال
260 _a[S.N] :
_bلجنة الاعلام والدراسات المستقبلية ،
_c1984
490 _a
650 0 4 _aالرسم الكاريكاتيرى
942 _2ddc
_cBK
999 _c32891
_d32891